[Event "53rd Biel Blitz 2020"]
[Site "Biel"]
[Date "2020.07.25"]
[Round "1.1"]
[White "Harikrishna, Pentala"]
[Black "Studer, Noel"]
[Result "1/2-1/2"]
[WhiteElo "2663"]
[BlackElo "2422"]
[Annotator "TA"]
[PlyCount "95"]
[EventDate "2020.07.21"]
[EventType "tourn"]
[EventCountry "SUI"]
[SourceTitle "playchess.com"]
[Source "ChessBase"]
[SourceQuality "1"]

{[%evp 15,95,-4,23,0,1,-21,-6,-34,0,-7,0,0,0,-34,-39,-33,-40,-183,-108,-129,-49,-45,-53,-44,-44,-51,-54,-43,-44,-39,-33,-62,-43,-37,-55,-58,-52,-44,-16,-45,-45,-45,-45,-45,-29,-40,-37,-190,-37,-148,-45,-55,-50,-91,-34,-34,0,0,26,-12,0,-57,-27,-36,-36,-37,-10,-67,-68,-147,-147,-131,-118,-167,-181,-192,-191,-158,-83,-241,-222,-201]} 1. c4 e5 2. Nc3 Nf6 3. Nf3 Nc6 4. g3 d5 5. cxd5 Nxd5 6. Bg2 Bc5 7. O-O O-O 8. d3 h6 {[#] 8...Re8 is a critical line. Played by Ian Nepomniachtchi in May 2020.} 9. Qb3 $146 {A29: English Opening: Four Knights Variation with 4 g3.} ({Predecessor:} 9. Bd2 Nf6 10. Rc1 Re8 11. Nh4 Nd4 12. e3 Nf5 13. Nxf5 Bxf5 14. Bxb7 Rb8 15. Be4 Bxe4 16. Nxe4 Nxe4 17. dxe4 Rxb2 {½-½ (25) Aronian,L (2772)-Giri,A (2776) Kolkata 2019}) 9... Nf6 10. a3 (10. Na4 $5 {[%cal Ra4c5]} Bb6 11. Qd1 $11) 10... Re8 11. Bd2 {The position is equal.} Bf8 12. Rfe1 Rb8 13. Rac1 Bg4 14. Be3 Nd4 15. Bxd4 exd4 16. Na4 (16. Ne4 $15) 16... b6 (16... Bxf3 $1 $19 17. Bxf3 Re5) 17. Rc6 b5 (17... Re6 $17 18. Rxe6 Bxe6) 18. Nc5 $15 Rb6 19. Rxb6 axb6 20. Ne4 $1 Nxe4 21. dxe4 Rxe4 22. Qxb5 {next Ne5 is good for White.} c5 23. Qd3 Re6 24. Nd2 Qe8 {[%cal Rg4e2]} 25. Bf3 h5 26. b3 g6 27. Bxg4 hxg4 28. a4 Bh6 29. Nc4 Qc6 30. Rd1 Kg7 31. Na3 $2 {[#]} (31. e3 $15) 31... Qd5 $2 ({Black should play} 31... Re3 $1 $19 {[%cal Re3d3][%mdl 512]} 32. Qc2 (32. fxe3 $2 Bxe3+ 33. Qxe3 dxe3 $19) 32... Qe6) 32. Nb5 {[#]} (32. Nc4 $15) 32... Qe5 ({Black should try} 32... Re5 $1 $17 33. Re1 f5) 33. Re1 Rf6 {Strongly threatening ...Rxf2!} 34. Na3 {[#]} Qd5 (34... Rxf2 $1 $17 {[%mdl 512] ( -> ...Be3)} 35. Nc4 (35. Kxf2 $2 {too greedy.} Be3+ 36. Qxe3 Qxe3+ 37. Kf1 Qxb3 $19 {[%mdl 64] Double Attack}) 35... Qf6) 35. Nc4 Re6 36. e4 Qd8 37. Kg2 Bg5 38. Qe2 (38. e5 $11) 38... f5 (38... d3 $5 {[%cal Rd3e2]} 39. Qxg4 f5 $15) 39. e5 $1 Qd5+ 40. Kg1 Bd8 41. Rd1 (41. Qd3 $11) 41... Bc7 {[%cal Rc7e5]} 42. Rb1 (42. Re1 $15) 42... Bxe5 $17 43. Re1 {[%cal Rc4e5]} Kf6 $36 {[%mdl 2048] Black is really pushing.} 44. Qd3 Bc7 45. Rxe6+ Qxe6 46. Kf1 Qe4 ({Better is} 46... Qc6 {Threatens to win with ...Qh1+.} 47. Kg1 Qe8) 47. Nb2 $2 (47. Qxe4 $17 fxe4 48. Ke1) 47... Qxd3+ $19 48. Nxd3 {Accuracy: White = 47%, Black = 57%.} 1/2-1/2

[Event "53rd Biel Blitz 2020"]
[Site "Biel"]
[Date "2020.07.25"]
[Round "1.2"]
[White "Keymer, Vincent"]
[Black "Edouard, Romain"]
[Result "1-0"]
[WhiteElo "2476"]
[BlackElo "2614"]
[Annotator "TA"]
[PlyCount "70"]
[EventDate "2020.07.21"]
[EventType "tourn"]
[EventCountry "SUI"]
[SourceTitle "playchess.com"]
[Source "ChessBase"]
[SourceQuality "1"]

{[%evp 9,70,-4,0,0,0,-16,29,-28,-13,-20,-13,-11,26,21,41,46,37,39,69,70,72,65,75,61,136,133,129,55,68,48,71,23,79,30,120,117,502,131,29974,6591,2325,23,63,49,112,112,113,106,228,218,218,211,247,189,228,200,257,207,323,318,619,0,385]} 1. Nf3 c5 2. c4 Nc6 3. Nc3 e5 4. h3 g6 5. g4 Bg7 6. d3 {[#] A35: Symmetrical English: 2 Nc3 Nc6 3 Nf3.} d6 $146 ({Predecessor:} 6... Nge7 7. Ne4 d6 8. Bg5 h6 9. Bf6 Kf8 10. Bg2 Bxf6 11. Nxf6 Kg7 12. Ne4 f5 13. gxf5 gxf5 {½-½ (52) Keymer,V (2558)-Istratescu,A (2550) Playchess.com INT 2020}) 7. Bg2 Nge7 8. Ne4 (8. g5 $142) 8... h6 9. g5 hxg5 10. Bxg5 f5 11. Nf6+ Kf7 12. Nd5 Rb8 13. h4 Qe8 14. Bxe7 Nxe7 15. Ng5+ Kg8 $1 16. e3 Nxd5 (16... Bd7 $14) 17. Bxd5+ $16 Kf8 18. Qf3 (18. Nf7 $16) 18... Qe7 $1 $14 19. a4 a6 20. Kd2 Rh5 (20... Qf6 $11 21. Ra2 Bd7) 21. Kc2 Bf6 (21... Bd7 $11 {keeps the balance.}) 22. Rag1 $16 Kg7 $2 {[%mdl 8192] [#]} (22... b5 $16 {is more resistant.}) 23. Ne4 $2 (23. Ne6+ $1 $18 {[%mdl 512] is more deadly.} Kh7 (23... Bxe6 24. Qxh5) 24. Qg2) 23... Rxh4 $2 {[%mdl 8192]} (23... Rh6 $16) 24. Rxh4 Bxh4 25. Ng3 $2 (25. Qh5 $18 Bg5 26. Rxg5 Qxg5 27. Qxg5 fxe4 28. Bxe4) 25... Bxg3 26. Qxg3 $40 {[%mdl 128] Black needs to defend precisely.} Qf6 (26... Qe8 $1 $14) 27. Rh1 {aiming for Qh2.} Be6 28. Qh2 {[#] Hoping for Qh7+.} Rg8 (28... Qe7 $16) 29. Qh7+ $18 ({Don't take} 29. Bxb7 $6 a5 $16) 29... Kf8 30. Qxb7 {Bxe6 is the strong threat.} Bxd5 31. cxd5 {KQR-KQR} ({But not} 31. Qxd5 $6 Qe7 $16) 31... Qe7 32. Qxa6 Kg7 33. a5 e4 (33... Rb8 $142 34. f3 Kg8) 34. Qc4 Rb8 $2 (34... exd3+ 35. Qxd3 Rf8 36. Qc3+ Rf6) 35. Ra1 $2 (35. Qc3+ $18 Qe5 36. Qxe5+ dxe5 37. dxe4) 35... Qf6 $2 {[%mdl 8192] Accuracy: White = 68%, Black = 34%.} (35... exd3+ $11 36. Qxd3 Qh4 37. Qc3+ Kf7) 1-0

[Event "53rd Biel Blitz 2020"]
[Site "Biel"]
[Date "2020.07.25"]
[Round "1.3"]
[White "Wojtaszek, Radoslaw"]
[Black "Anton Guijarro, David"]
[Result "1/2-1/2"]
[WhiteElo "2690"]
[BlackElo "2590"]
[Annotator "TA"]
[PlyCount "72"]
[EventDate "2020.07.21"]
[EventType "tourn"]
[EventCountry "SUI"]
[SourceTitle "playchess.com"]
[Source "ChessBase"]
[SourceQuality "1"]

{[%evp 9,72,21,32,32,48,35,55,35,47,34,34,34,34,22,20,20,35,34,32,27,34,13,43,39,126,122,123,137,113,100,168,170,162,168,148,152,164,158,152,179,273,268,343,324,352,329,287,71,81,0,0,0,0,0,0,0,0,0,0,0,0,0,0,0,0]} 1. d4 f5 2. Nf3 Nf6 3. c4 g6 4. e3 Bg7 5. b4 {[%cal Bb2b4,Bb4b5][%mdl 32]} a5 6. b5 {A84: Dutch Defence: 2 c4 Miscellaneous.} e6 7. Bb2 b6 8. Nc3 {White is slightly better.} Bb7 9. Be2 O-O 10. a4 d6 11. O-O Nbd7 {[#]} 12. Ng5 $146 ({Predecessor:} 12. Qb3 Qe7 13. Rfd1 Kh8 14. Rac1 Ne4 15. Ne1 Qh4 16. g3 Qh6 17. Bf3 Ndf6 18. d5 {0-1 (34) Shoshin,K (1919)-Kholopov,A (2305) Moscow 2018}) 12... Qe7 13. Bf3 $36 {[%mdl 2048] White is more active.} Bxf3 14. Nxf3 Rad8 15. Qb3 Kh8 16. Rad1 e5 ({Black should play} 16... Rfe8 $14) 17. dxe5 $1 $16 dxe5 {[#]} 18. Ba3 $1 {[%cal Ra3e7]} Nc5 19. Qc2 e4 (19... Qe6 $16) 20. Nd4 $18 {Nc6 is the strong threat.} Qf7 21. Bxc5 $1 bxc5 22. Nc6 Rxd1 23. Rxd1 Qxc4 24. Nxa5 Qe6 (24... Qb4 $142) 25. Ne2 Ng4 26. Nf4 ({Weaker is} 26. Qxc5 Qa2 $18) 26... Qf7 27. h3 Ne5 28. Qxc5 $2 (28. Nb7 $18 {is more deadly.}) 28... g5 $16 {[#]} 29. Nd5 (29. Ne2 $1 $16) 29... Nd3 $11 {The position is equal.} 30. Qc6 f4 31. exf4 gxf4 {Threatens to win with ...Qh5.} 32. Nc3 ({Wrong is} 32. Nxc7 $2 f3 $19) 32... Nb4 33. Qc5 Nd3 34. Qc6 Nb4 35. Qc5 Nd3 36. Qc6 Nb4 {Black escapes into a draw. Accuracy: White = 86%, Black = 74%.} 1/2-1/2

[Event "53rd Biel Blitz 2020"]
[Site "Biel"]
[Date "2020.07.25"]
[Round "1.4"]
[White "Adams, Michael"]
[Black "Naiditsch, Arkadji"]
[Result "1-0"]
[WhiteElo "2709"]
[BlackElo "2581"]
[Annotator "TA"]
[PlyCount "101"]
[EventDate "2020.07.21"]
[EventType "tourn"]
[EventCountry "SUI"]
[SourceTitle "playchess.com"]
[Source "ChessBase"]
[SourceQuality "1"]

{[%evp 11,101,33,34,29,33,27,29,37,37,37,27,48,50,30,21,21,30,23,43,15,34,49,42,47,87,36,68,56,144,143,180,134,147,145,194,191,384,383,389,393,378,385,379,391,384,391,398,396,420,418,441,408,472,472,504,462,455,422,483,412,467,460,441,425,504,522,572,589,581,581,739,741,724,705,704,700,696,681,639,641,630,627,608,605,29981,29982,29982,29983,29983,29982,29987,29988]} 1. e4 c5 2. Nf3 Nc6 3. Bb5 Nf6 4. Nc3 Qc7 5. O-O Nd4 6. Re1 a6 7. Bf1 {B30: Sicilian: 2...Nc6 3 Bb5, lines without ...g6.} Ng4 {( -> ...Nxf3+)} 8. g3 {And now Nxd4 would win.} Nxf3+ 9. Qxf3 {Nd5 is the strong threat.White has an edge.} Ne5 10. Qe2 e6 11. Bg2 {11.d3 is setting a new trend.} d6 12. d3 Be7 13. Be3 O-O 14. f4 Nc6 15. Qf2 b5 {[#]} 16. e5 $146 {[%mdl 2048] White has good play.} ({Predecessor:} 16. g4 b4 17. Ne2 a5 18. g5 f6 19. Qg3 fxg5 20. fxg5 e5 21. c3 a4 22. c4 {1-0 (53) Pichot,A (2544)-Zhigalko,S (2671) Doha 2016}) 16... dxe5 17. Bxc5 Bb7 18. fxe5 (18. Bxe7 $16 Qxe7 19. fxe5) 18... Rac8 19. Bxe7 $1 Qxe7 {[#]} (19... Nxe7 $14 20. Bxb7 Qxb7) 20. d4 $1 $16 Qb4 21. Rab1 Rfd8 22. d5 exd5 23. Nxd5 ({Don't take} 23. Bxd5 $6 Qe7 $14) 23... Qd4 $2 (23... Qf8 {was worth a try.} 24. e6 fxe6) 24. Qxd4 $18 {[%mdl 64] [#] Overworked Piece} Nxd4 25. Ne7+ {[%mdl 64] Double Attack, Discovered Attack} Kf8 26. Nxc8 ({Weaker is} 26. Bxb7 Rc7 $16) 26... Bxg2 27. Kxg2 Rxc8 {[%mdl 4096] Endgame KRR-KRN} 28. c3 Ne6 29. Rbd1 b4 30. Re3 g5 31. Rd2 bxc3 32. Rxc3 Rb8 33. b3 Rb5 34. Re3 Kg7 35. Kf3 Kg6 36. Ke4 Rb4+ 37. Kd3 h5 38. Kc3 Rb8 39. Rf3 Rc8+ 40. Kb2 g4 41. Rf6+ Kg7 42. Rd7 Ng5 43. Rxa6 Re8 44. Ra5 Nf3 45. e6 Rxe6 46. Rxh5 Re2+ 47. Ka3 Rxh2 48. Rxh2 {White mates.} Nxh2 49. b4 {[%cal Bb3b4,Bb4b5][%mdl 32]} Nf1 50. Rd3 f5 51. b5 {Accuracy: White = 87%, Black = 58%.} 1-0

[Event "53rd Biel Blitz 2020"]
[Site "Biel"]
[Date "2020.07.25"]
[Round "2.1"]
[White "Studer, Noel"]
[Black "Harikrishna, Pentala"]
[Result "0-1"]
[WhiteElo "2422"]
[BlackElo "2663"]
[Annotator "TA"]
[PlyCount "160"]
[EventDate "2020.07.21"]
[EventType "tourn"]
[EventCountry "SUI"]
[SourceTitle "playchess.com"]
[Source "ChessBase"]
[SourceQuality "1"]

{[%evp 24,160,24,28,28,17,27,17,18,17,22,-52,8,9,15,11,14,0,1,0,13,13,21,13,8,8,22,25,30,22,18,23,68,63,63,62,91,44,44,46,48,41,53,60,77,60,87,77,83,83,84,85,125,116,236,235,254,269,267,269,279,256,361,332,385,381,392,390,333,94,124,129,261,260,259,247,223,176,164,169,216,162,170,147,147,46,38,0,0,0,0,0,0,0,0,0,0,0,0,0,0,0,0,0,0,0,0,0,0,0,0,0,0,0,0,0,0,0,0,0,0,0,0,0,0,0,0,0,0,0,0,0,0,0,0,0,0,-27996,-27996]} 1. d4 Nf6 2. c4 e6 3. Nf3 d5 4. g3 Be7 5. Bg2 O-O 6. O-O dxc4 7. Qc2 a6 8. a4 Bd7 9. Qxc4 Bc6 10. Bg5 Nbd7 11. Nc3 h6 12. Bxf6 Nxf6 13. b4 Bd5 {E05: Open Catalan: 5 Nf3 Be7.} 14. Nxd5 exd5 15. Qb3 c6 {The position is equal.} 16. Rfc1 Bd6 {[#]} 17. Ne1 $146 (17. e3 $11) ({Predecessor:} 17. e3 g6 18. b5 axb5 19. axb5 Rxa1 20. Rxa1 Qb6 21. Rb1 Ra8 22. Qb2 Ra5 23. bxc6 Qxb2 24. Rxb2 bxc6 {½-½ (33) Ostriker,J (2564)-Busemann,S (2595) ICCF email 2016}) 17... Qb6 ({Better is} 17... Qe7 $15) 18. Nc2 $11 h5 19. Rab1 h4 20. b5 axb5 21. axb5 hxg3 22. hxg3 c5 23. dxc5 Bxc5 24. e3 Rad8 25. Rd1 {[%cal Rg2d5]} Ne4 26. Bxe4 dxe4 27. Qc4 Rfe8 28. Rxd8 Rxd8 29. Qxe4 Qf6 30. Nb4 ({Much weaker is} 30. Qxb7 $6 Rd2 $11) (30. Nd4 {seems wilder.} Qe7 31. Qxe7 Bxe7 32. Rc1 Bf6 33. Rc7) 30... Qe7 31. Qxe7 Bxe7 $14 {[%mdl 4096] Endgame KRB-KRN} 32. Nc2 Bf6 33. Kf1 Bc3 34. Na3 Bf6 35. Ke2 Rc8 36. Rb4 Be7 37. Rc4 Rd8 38. Nc2 b6 (38... Kf8 $16 39. f4 Ke8) 39. Nd4 $18 Bc5 40. Nb3 Be7 41. Rc6 Rb8 42. e4 g6 (42... Bd8 $142 43. Nd2 Be7) 43. f4 Kf8 44. e5 Bd8 45. Nd2 Ra8 46. Kf3 $2 (46. Nc4 $18 {and White stays clearly on top.}) 46... Ra3+ $16 47. Kg4 Ra4 (47... Ra5 $16) 48. Nc4 $18 Rb4 49. Nd6 ({Resist} 49. Nxb6 $6 Rxb5 50. Nd7+ Kg7 $16) 49... Ke7 50. Rc8 {[#] And now Ra8 would win.} Kd7 51. Rb8 f5+ 52. exf6 Bxf6 53. Rxb6 Bd8 {[#]} 54. Ra6 ({White has to play} 54. Rc6 $1 $16) 54... g5 $1 $14 55. Nf5 {Rd6+ is the strong threat.} gxf4 56. gxf4 {Hoping for Rd6+.} Bc7 57. Ne3 {Threatening Nd5.} Rxf4+ 58. Kg5 Rb4 59. Nd5 $2 {[%mdl 8192]} (59. Kf6 $11) 59... Rxb5 60. Kf5 $2 {[%mdl 8192]} (60. Kg4 $11) 60... Rxd5+ $11 {KRB-KR} 61. Ke4 $2 {[%mdl 8192]} (61. Kg6 $11) 61... Rh5 62. Kd4 $2 {[%mdl 8192]} (62. Ra7 $11) 62... Bd6 63. Ke4 $2 {[%mdl 8192]} (63. Ra7+ $11 Kc6 64. Ra6+ Kc7 65. Ra8) 63... Ke6 64. Kd3 $2 {[%mdl 8192]} (64. Kf3 $11) 64... Rh4 65. Ra5 $2 {[%mdl 8192]} (65. Rb6 $11) 65... Be5 66. Ra8 $2 {[%mdl 8192]} (66. Ra6+ $11 Ke7 67. Ra2) 66... Kd5 67. Rd8+ $2 {[%mdl 8192]} (67. Ra5+ $11 Ke6 68. Ra2) 67... Bd6 68. Ke3 $2 {[%mdl 8192]} (68. Kc2 $11) 68... Rh3+ 69. Kf2 $2 {[%mdl 8192]} (69. Kd2 $11) 69... Ke5 70. Rd7 $2 {[%mdl 8192]} (70. Re8+ $11 Kf4 71. Ke2) 70... Rd3 {( -> ...Bc5+)} 71. Ke2 Ra3 72. Rh7 $2 {[%mdl 8192]} (72. Rd8 $11) 72... Ke4 73. Rh8 $2 {[%mdl 8192]} (73. Rh4+ $11 Bf4 74. Rh8) 73... Ra2+ 74. Kd1 Bf4 75. Rd8 $2 {[%mdl 8192]} (75. Re8+ $11 Be5 76. Ke1) 75... Kf3 76. Rd7 $2 {[%mdl 8192]} (76. Rd3+ $11 Be3 77. Rb3) 76... Bg5 77. Rd6 $2 {[%mdl 8192]} (77. Rd3+ $11 Be3 78. Rb3) 77... Be3 78. Rd8 $2 {[%mdl 8192]} (78. Rd3 $11) 78... Ke4 79. Ke1 Bb6 80. Kd1 $2 {[%mdl 8192]} (80. Rd7 $11) 80... Bxd8 {Never resign too early! Accuracy: White = 53%, Black = 79%.} 0-1

[Event "53rd Biel Blitz 2020"]
[Site "Biel"]
[Date "2020.07.25"]
[Round "2.2"]
[White "Edouard, Romain"]
[Black "Keymer, Vincent"]
[Result "1-0"]
[WhiteElo "2614"]
[BlackElo "2476"]
[Annotator "TA"]
[PlyCount "105"]
[EventDate "2020.07.21"]
[EventType "tourn"]
[EventCountry "SUI"]
[SourceTitle "playchess.com"]
[Source "ChessBase"]
[SourceQuality "1"]

{[%evp 13,105,21,26,10,16,20,28,12,17,25,18,28,25,0,0,-8,0,0,0,-13,-12,-13,-13,-13,-13,-13,-11,-18,-18,-23,8,4,11,4,12,8,14,-9,-6,-12,0,0,8,8,30,30,38,32,40,40,41,32,47,32,46,22,46,0,46,22,47,32,32,32,32,32,50,63,82,91,89,106,93,116,78,86,99,120,926,830,683,413,1022,1002,2009,2255,29999,1831,29985,1554,1367,1254,926,700]} 1. c4 c6 2. d4 d5 3. Nf3 Nf6 4. Nc3 e6 5. Bg5 h6 6. Bxf6 Qxf6 7. e3 g6 8. Be2 {D43: Semi-Slav: 5 Bg5 h6.} Bg7 9. O-O O-O 10. e4 {[%cal Rc4d5] White has an edge. 10.Ne5 gains popularity. Played by Alireza Firouzja in May 2020.} dxe4 11. Nxe4 Qf4 12. Qc2 c5 {[#]} 13. Nxc5 $146 ({Predecessor:} 13. dxc5 Bd7 14. b4 Bxa1 15. Rxa1 Bc6 16. Nd6 Nd7 17. Qc1 Qf6 18. Rb1 g5 19. Qe3 {1-0 (48) Gelfand,B (2738)-Kasimdzhanov,R (2684) London 2012}) 13... Nc6 14. d5 Nd4 15. Nxd4 Qxd4 16. Nb3 Qxb2 17. Qxb2 Bxb2 18. Rab1 Ba3 19. Bf3 exd5 20. Bxd5 Bf5 21. Rbd1 Rac8 22. Nd4 Bd7 23. Nc2 Be7 24. Bxb7 Rc7 25. Ba6 (25. Bd5 {looks sharper.} Rb8 26. Rb1 Rb6 27. Nd4 Bc5 28. Nb3) 25... Ba4 26. Rd2 Bxc2 27. Rxc2 Rd8 28. Bb5 $36 {[%mdl 2048] White fights for an advantage.} Bc5 29. g3 Re7 30. Bc6 Rd6 31. Bd5 Kg7 32. Kg2 h5 33. f4 Re3 34. Rf3 Re1 35. Rf1 Re3 36. Rff2 Rd7 37. Rfe2 Rde7 38. Rxe3 Rxe3 $14 {[%mdl 4096] Endgame KRB-KRB} 39. Rb2 Bb6 40. a4 Kf6 41. Rb5 Re2+ 42. Kf1 Rf2+ 43. Ke1 {Black must now prevent Rxb6+!} Rxh2 44. c5 Bd8 {[#]} 45. Rb7 $1 {[%csl Gd5][%cal Rb7f7][%mdl 512]} Be7 $2 {[%mdl 8192] This move loses the game for Black.} (45... Kf5 $16) 46. c6 $18 Rc2 47. Rxa7 Rc5 (47... Bb4+ $142 48. Kf1 Kf5) 48. Rd7 Rc3 49. c7 Bb4 50. Kf1 (50. Rxf7# $142) 50... g5 51. Bb7 (51. Rxf7+ $142 Kg6 52. f5+ Kh6 53. Rf6+ Kg7 54. Rc6 Rxc6 55. Bxc6 Kf6 56. c8=Q) 51... Rc1+ 52. Ke2 Rc2+ 53. Kd1 {Accuracy: White = 83%, Black = 66%.} 1-0

[Event "53rd Biel Blitz 2020"]
[Site "Biel"]
[Date "2020.07.25"]
[Round "2.3"]
[White "Anton Guijarro, David"]
[Black "Wojtaszek, Radoslaw"]
[Result "1/2-1/2"]
[WhiteElo "2590"]
[BlackElo "2690"]
[Annotator "TA"]
[PlyCount "65"]
[EventDate "2020.07.21"]
[EventType "tourn"]
[EventCountry "SUI"]
[SourceTitle "playchess.com"]
[Source "ChessBase"]
[SourceQuality "1"]

{[%evp 9,65,4,13,8,12,4,7,0,0,0,15,-31,-41,-32,-32,-20,0,-4,6,13,16,0,9,3,13,16,45,-28,-13,-62,-56,-45,0,0,0,0,0,0,0,0,0,0,0,0,0,0,0,0,0,0,0,0,0,0,0,0,0,0]} 1. Nf3 d5 2. b3 Bg4 3. Bb2 Nd7 4. e3 e6 5. h3 Bh5 6. d3 {A06: Réti Opening: 1 Nf3 d5.} h6 7. Nbd2 Ngf6 8. e4 dxe4 9. dxe4 {[#]} Bb4 $146 {With the idea ...Nxe4.} ({Predecessor:} 9... Be7 10. Qe2 c6 11. O-O-O Bg6 12. g4 Qc7 13. Nd4 Bc5 14. f3 b5 15. h4 a5 {½-½ (32) Kaczmarek,R (2012)-Tsuprik,A (2028) ICCF email 2019}) 10. a3 (10. g4 {seems wilder.} Bg6 11. a3 Bc5 12. Bd3 O-O 13. Qe2) 10... Bxf3 11. gxf3 Bd6 $1 12. Qe2 {[#] And now e5 would win.} Be5 13. O-O-O Bxb2+ 14. Kxb2 Qe7 15. f4 O-O-O 16. Bg2 Nc5 17. Nc4 Kb8 18. e5 (18. Rhe1 $14) 18... Nd5 $11 19. Bxd5 (19. f5 {keeps more tension.} c6 20. Bxd5 exd5 21. Nd2 g6 22. f6) 19... exd5 20. Ne3 Ne6 (20... Qe6 {feels hotter.} 21. Qg4 d4 22. Qxe6 fxe6 23. Ng2 Rhf8) 21. Nxd5 {The position is equal.} Rxd5 {[%mdl 64] [#] Remove Defender} 22. Rxd5 {Black must now prevent Qd2.} Nxf4 {[%mdl 64] Double Attack} 23. Qe4 Nxd5 24. Qxd5 {[%mdl 4096] Endgame KQR-KQR} Rd8 25. Qe4 g5 26. f4 gxf4 27. Qxf4 a6 28. Rf1 Rd5 29. Qxf7 Qxe5+ 30. Kb1 Rd6 31. Qf8+ Ka7 32. Qf2+ Qd4 33. Qxd4+ {Accuracy: White = 83%, Black = 96%.} 1/2-1/2

[Event "53rd Biel Blitz 2020"]
[Site "Biel"]
[Date "2020.07.25"]
[Round "2.4"]
[White "Naiditsch, Arkadji"]
[Black "Adams, Michael"]
[Result "0-1"]
[WhiteElo "2581"]
[BlackElo "2709"]
[Annotator "TA"]
[PlyCount "68"]
[EventDate "2020.07.21"]
[EventType "tourn"]
[EventCountry "SUI"]
[SourceTitle "playchess.com"]
[Source "ChessBase"]
[SourceQuality "1"]

{[%evp 9,68,27,24,16,28,-10,-8,-6,-8,-55,-39,-52,-47,-128,-128,-114,-100,-81,-97,-103,-16,-197,-197,-194,-189,-367,-266,-273,-158,-342,-329,-314,-213,-350,-323,-516,-526,-527,-517,-550,-535,-579,-491,-497,-477,-554,-351,-606,-535,-526,-515,-679,-672,-676,-670,-670,-650,-668,-664,-624,-601]} 1. e4 e5 2. Nf3 Nc6 3. Bb5 a6 4. Bxc6 dxc6 5. O-O Bd6 6. Na3 {C68: Ruy Lopez: Exchange Variation, sidelines.} c5 7. c3 Ne7 8. Nc4 {[#] The position is equal.} Nc6 $146 ({Predecessor:} 8... Ng6 9. d4 Qe7 10. dxe5 Nxe5 11. Nfxe5 Bxe5 12. Qh5 Bd6 13. e5 Qe6 14. exd6 Qxc4 15. Re1+ Kf8 16. dxc7 Be6 17. Be3 b6 18. Rad1 Ke7 19. Qg5+ {1-0 (19) Rozentalis,E (2592)-Milligan,H (1979) Queenstown 2012}) 9. b4 cxb4 10. d4 {[%cal Rd4e5]} bxc3 11. dxe5 ({White should try} 11. d5 $15 Ne7 12. Nfxe5) 11... Bc5 $17 12. Qc2 Nd4 13. Nxd4 Qxd4 14. Ne3 {[#] Threatens to win with Rd1.} Be6 ({Much weaker is} 14... Qxe5 $6 15. Nd5 $11) (14... c6 $17 15. Rd1 Qxe5) 15. Nd5 $2 (15. Rd1 $11 {and White stays safe.} Qxe5 16. Nd5) 15... Bxd5 $19 16. exd5 Qxd5 ({And not} 16... Qxe5 {[#]} 17. Ba3 $1 $11 {[%mdl 512]}) 17. Qa4+ $2 (17. Qxc3 {keeps fighting.} Bd4 {[%mdl 64] Double Attack, Skewer} 18. Qd2) 17... Qd7 18. Qc4 Qc6 (18... Bd4 $19 {White must now prevent ...c2.} 19. Be3 c5) 19. Qg4 $2 {White does not recover from this.} (19. Be3 $17 {was the only chance.} Ba3 20. Qb3) 19... O-O 20. Bg5 Qg6 21. Qh4 (21. Rac1 $142) 21... h6 22. Be7 (22. Qc4 $142 Qb6 23. Bh4) 22... Bxe7 23. Qxe7 Qc6 24. Rac1 Rad8 25. Rfe1 Rfe8 26. Qb4 Rd3 27. h4 b5 28. h5 $2 (28. Re3 Rxe3 29. fxe3) 28... c2 {Black is clearly winning.} 29. Qg4 Rd2 30. f4 Red8 31. Kh2 Qc4 32. e6 fxe6 33. Rxe6 Rf8 34. Re7 {[%csl Ge7][%cal Rg4g7]} Qxf4+ {Accuracy: White = 30%, Black = 59%.} 0-1

[Event "53rd Biel Blitz 2020"]
[Site "Biel"]
[Date "2020.07.25"]
[Round "3.1"]
[White "Studer, Noel"]
[Black "Naiditsch, Arkadji"]
[Result "1-0"]
[WhiteElo "2422"]
[BlackElo "2581"]
[Annotator "ChessBase"]
[PlyCount "61"]
[EventDate "2020.07.21"]
[EventType "tourn"]
[EventCountry "SUI"]
[SourceTitle "playchess.com"]
[Source "ChessBase"]
[SourceQuality "1"]
[TimeControl "180+2"]

1. d4 {[%emt 0:00:00]} Nf6 {[%emt 0:00:00]} 2. c4 {[%emt 0:00:00]} e6 {[%emt 0:00:00]} 3. Nf3 {[%emt 0:00:00]} Bb4+ {[%emt 0:00:02]} 4. Nbd2 {[%emt 0:00:01]} c5 {[%emt 0:00:02]} 5. a3 {[%emt 0:00:07]} Bxd2+ {[%emt 0:00:02]} 6. Bxd2 {[%emt 0:00:15]} cxd4 {[%emt 0:00:02]} 7. Nxd4 {[%emt 0:00:01]} d5 {[%emt 0:00:01]} 8. cxd5 {[%emt 0:00:09]} Qxd5 {[%emt 0:00:02]} 9. e3 {[%emt 0:00:01]} O-O {[%emt 0:00:02]} 10. Nb5 {[%emt 0:00:21]} Na6 {[%emt 0:00:06]} 11. Bc3 {[%emt 0:00:04]} Qg5 {[%emt 0:00:03]} 12. h4 {[%emt 0:00:11]} Qg6 {[%emt 0:00:13]} 13. Qd3 {[%emt 0:00:20]} Ne4 {[%emt 0:00:15]} 14. h5 {[%emt 0:00:34]} Qf5 {[%emt 0:00:02]} 15. f3 {[%emt 0:00:00]} Nxc3 {[%emt 0:00:26]} 16. Qxf5 {[%emt 0:00:01]} exf5 {[%emt 0:00:01]} 17. Nxc3 {[%emt 0:00:01]} Be6 {[%emt 0:00:24]} 18. Rh4 {[%emt 0:00:13]} Nc5 {[%emt 0:00:02]} 19. b4 {[%emt 0:00:07]} Nb3 {[%emt 0:00:03]} 20. Rd1 {[%emt 0:00:02]} Rfc8 {[%emt 0:00:13]} 21. Nd5 {[%emt 0:00:10]} Rc2 {[%emt 0:00:11]} 22. Bc4 {[%emt 0:00:03]} Nc1 {[%emt 0:00:20]} 23. h6 {[%emt 0:00:19]} g5 {[%emt 0:00:23]} 24. Rhd4 {[%emt 0:00:03]} Kf8 {[%emt 0:00:06]} 25. R1d2 {[%emt 0:00:05]} Rxd2 {[%emt 0:00:14]} 26. Kxd2 {[%emt 0:00:01]} Rc8 {[%emt 0:00:02]} 27. b5 {[%emt 0:00:17]} a6 {[%emt 0:00:02]} 28. a4 {[%emt 0:00:01]} axb5 {[%emt 0:00:02]} 29. axb5 {[%emt 0:00:00]} f4 {[%emt 0:00:15]} 30. e4 {[%emt 0:00:01]} Bd7 {[%emt 0:00:12]} 31. Nb6 {[%emt 0:00:05]} 1-0